| 000 | 00753nam a2200193Ia 4500 | ||
|---|---|---|---|
| 008 | 151121s9999||||xx |||||||||||||| ||und|| | ||
| 082 | _a621।3 /नायक | ||
| 082 | _bHNW-70238 | ||
| 100 | _aनायक कृ। मा। | ||
| 245 | _aयंत्रावजारे व मापणशास्त्र | ||
| 260 | _b"म। वि। ग्रं।मं। प्रकाशन, नागपूर।" | ||
| 260 | _c-- | ||
| 300 | _a206 | ||
| 600 | _aनायक कृ। मा। | ||
| 630 | _aयंत्रावजारे व मापणशास्त्र | ||
| 700 | _aनायक कृ। मा। | ||
| 730 | _aयंत्रावजारे व मापणशास्त्र | ||
| 942 | _cBOOK | ||
| 999 |
_c1251713 _d1251710 |
||